logo

Bir Sreshtho Munshi Abdur Rouf Library
Jhenaidah Cadet College

ঢাকার হারিয়ে যাওয়া বইয়ের খোঁজে / (Record no. 1634)

MARC details
000 -LEADER
fixed length control field 00712nam a2200229 a 4500
001 - CONTROL NUMBER
JCCL Control Number 1634
003 - CONTROL NUMBER IDENTIFIER
JCCL marc code BD-JhCC
005 - DATE AND TIME OF LATEST TRANSACTION
control field 20171022204853.0
008 - FIXED-LENGTH DATA ELEMENTS--GENERAL INFORMATION
fixed length control field 171022s2006 b ||||| |||| 00| 0 ben d
020 ## - INTERNATIONAL STANDARD BOOK NUMBER
International Standard Book Number 984412560X
035 ## - SYSTEM CONTROL NUMBER
system control number (BD-JhCC)1634
040 ## - CATALOGING SOURCE
Original cataloging agency BD-JhCC
Modifying agency BD-JhCC
041 ## - LANGUAGE CODE
Language code of Book ben
082 ## - DEWEY DECIMAL CLASSIFICATION NUMBER
DDC Edition number 23
Classification number 891.4409
Author mark and Year MAM 2006
100 ## - MAIN ENTRY--PERSONAL NAME
Personal name মামুন, মুনতাসীর
245 ## - TITLE STATEMENT
Title ঢাকার হারিয়ে যাওয়া বইয়ের খোঁজে /
Statement of responsibility, etc মুনতাসীর মামুন
260 ## - PUBLICATION, DISTRIBUTION, ETC. (IMPRINT)
Place of publication, distribution, etc ঢাকা :
Name of publisher, distributor, etc অনন্যা,
Date of publication, distribution, etc ২০০৬
300 ## - PHYSICAL DESCRIPTION
Pagination 127 p. :
Dimensions 22cm.
650 ## - SUBJECT ADDED ENTRY--TOPICAL TERM
Topical term or geographic name as entry element Bengali literature
942 ## - ADDED ENTRY ELEMENTS (KOHA)
Source of classification or shelving scheme Dewey Decimal Classification
Koha item type Books
Holdings
Source of classification or shelving scheme Damaged status Not for loan Home library Current library Shelving location Cost, normal purchase price Total Checkouts Full call number Barcode Date last seen Copy number Koha item type Date of accession Source of acquisition
Dewey Decimal Classification     JCC Rouf Library JCC Rouf Library General Stacks 150.00   891.4409 MAM 2006 2870 10/27/2018 C-1 Books    
Dewey Decimal Classification     JCC Rouf Library JCC Rouf Library General Stacks 150.00   891.4409 MAM 2006 9745 02/07/2018 C-2 Books 02/07/2018 Foundation of Tenths Efforts

JCC Library | Contacts | JCC Home

Last Update on 23 September 2017
Copyright @ 2017-2020 JCC Rouf Library
Rouf Library, Jhenidah Cadet College (JCC), Bangladesh